| 000 | 00825 a2200217 4500 | ||
|---|---|---|---|
| 001 | 37331 | ||
| 005 | 20260407155642.0 | ||
| 008 | 260407a1984 arg spa d | ||
| 003 | AR-UNSa-BCEJYS | ||
| 040 |
_aAR-UNSa-BCEJYS _bspa _cAR-UNSa-BCEJYS |
||
| 080 |
_a(031)658 _xEnciclopedía de Administración |
||
| 245 | 1 | 0 |
_aEnciclopedia de gestión y administración de empresas _pmanagement |
| 020 | _a84-253-1651-0 | ||
| 264 | 1 |
_aBarcelona : _bEdiciones Grijalbo _c1984 |
|
| 300 |
_a3 v. _c25 cm. |
||
| 505 | _aVol. I: Administración de personal/Estudio de la actitud de los empleados -- Vol. II: Estudio de la conducta del consumidor/Planes de jubilación -- Vol. III: Planificación a largo plazo/Zonas de oficinas | ||
| 041 | _aspa | ||
| 942 | _cBK | ||
| 590 | _aniveau_biblio:m niveau_hierar:0 | ||
| 100 | 1 | _aHeyel, Carl | |
| 999 |
_c2739 _d2739 |
||